Pokemon 2nd Generation Quiz Stats

 Plays Quiz not verified by Sporcle

Score 0/100 Timer 10:00
1 Play Today
152-251 Number % Correct
158Totodile
91.4%
155Cyndaquil
91.1%
152Chikorita
90%
153Bayleef
88.9%
157Typhlosion
86.8%
250Ho-oh
85.7%
249Lugia
85.2%
156Quilava
84.5%
154Meganium
83.9%
159Croconaw
83.2%
160Feraligatr
82.7%
244Entei
81.1%
163Hoothoot
76.4%
164Noctowl
75.7%
245Suicune
75.7%
243Raikou
75.2%
172Pichu
74.8%
208Steelix
74.8%
251Celebi
74.5%
161Sentret
73.2%
162Furret
72.5%
197Umbreon
68.6%
248Tyranitar
68.4%
196Espeon
68.2%
239Elekid
68.2%
246Larvitar
68.2%
240Magby
67.3%
247Pupitar
67%
175Togepi
66.8%
241Miltank
65.9%
212Scizor
65.5%
174Igglybuff
65%
179Mareep
63.9%
167Spinarak
63%
152-251 Number % Correct
173Cleffa
62.5%
176Togetic
60.7%
168Ariados
60%
181Ampharos
59.1%
237Hitmontop
59.1%
165Ledyba
58.6%
229Houndoom
58.4%
185Sudowoodo
57.7%
169Crobat
57.3%
228Houndour
56.4%
180Flaaffy
55.5%
238Smoochum
55.5%
199Slowking
55.2%
214Heracross
54.8%
166Ledian
53.4%
204Pineco
53.2%
183Marill
53%
201Unown
52.7%
236Tyrogue
50%
217Ursaring
49.8%
184Azumarill
49.5%
221Piloswine
49.3%
230Kingdra
49.3%
194Wooper
49.1%
232Donphan
49.1%
220Swinub
48.9%
242Blissey
48.9%
216Teddiursa
48.6%
177Natu
48.2%
182Bellossom
48.2%
178Xatu
47.3%
223Remoraid
46.8%
187Hoppip
46.6%
192Sunflora
46.4%
152-251 Number % Correct
195Quagsire
46.4%
227Skarmory
46.1%
205Forretress
45.7%
186Politoed
45.5%
234Stantler
45.2%
191Sunkern
44.5%
224Octillery
44.5%
189Jumpluff
43.6%
203Girafarig
43.6%
171Lanturn
43.4%
233Porygon 2
43.2%
210Granbull
42.7%
231Phanphy
42.7%
225Delibird
42.5%
188Skiploom
42.3%
209Snubbull
41.8%
226Mantine
41.8%
170Chinchou
41.6%
207Gligar
39.1%
215Sneasel
39.1%
218Slugma
38.2%
206Dunsparce
38%
193Yanma
37.5%
235Smeargle
37.5%
202Wobbuffet
37.3%
190Aipom
37%
219Magcargo
34.8%
222Corsola
34.3%
213Shuckle
32%
198Mukrow
28.9%
211Quillfish
18.2%
200Misdreavux
17%

You're not logged in!

Compare scores with friends on all Sporcle quizzes.
OR
Log In

Show Comments

Extras

Top Quizzes Today


Score Distribution

Your Account Isn't Verified!

In order to create a playlist on Sporcle, you need to verify the email address you used during registration. Go to your Sporcle Settings to finish the process.

Report this User

Report this user for behavior that violates our Community Guidelines.

Details: